Les villes les plus peuplées du Cher - Statistiques

Statistiques générales
  • Ce quiz a été pris 122 fois
  • Le résultat moyen est 8 sur 20
Statistiques - réponses
Population Ville % Correct
72 434 Bourges
100%
29 723 Vierzon
92%
11 449 Saint-Amand-Montrond
76%
9 014 Saint-Doulchard
65%
7 213 Mehun-sur-Yèvre
54%
6 888 Saint-Florent-sur-Cher
45%
3 553 Sancoins
44%
5 907 Aubigny-sur-Nère
43%
2 334 Avord
35%
4 012 Dun-sur-Auron
35%
5 007 Saint-Germain-du-Puy
33%
2 503 Argent-sur-Sauldre
31%
2 057 Châteaumeillant
27%
3 194 La Chapelle-Saint-Ursin
27%
2 976 Trouy
24%
3 403 La Guerche-sur-l'Aubois
23%
2 004 Foëcy
19%
2 019 Saint-Martin-d'Auxigny
17%
2 006 Les Aix-d'Angillon
15%
2 071 Méreau
8%
Aucun quiz correspondant
Distribution des résultats
% des personnes avec chaque résultat
Percentile par nombre de réponses
Votre historique - résultats
Vous n’avez pas pris ce quiz